[Event "BLR-ch U18"]
[Site "Orsha"]
[Date "2022.02.16"]
[Round "7"]
[White "Kaniusheuski, Raman"]
[Black "Lapus, Vitaliy"]
[Result "0-1"]
[WhiteElo "1694"]
[BlackElo "1750"]
[PlyCount "62"]
[EventDate "2022.02.10"]
[EventType "swiss"]
[EventRounds "9"]
[EventCountry "BLR"]
[SourceTitle "CBM 207 Extra"]
[Source "ChessBase"]
[SourceDate "2022.05.31"]
[SourceVersion "1"]
[SourceVersionDate "2022.05.31"]
[SourceQuality "1"]

1. e4 c6 2. Nc3 d5 3. d4 dxe4 4. Nxe4 Nf6 5. Nxf6+ gxf6 6. Bf4 Be6 7. Qd2 Nd7 8. Nf3 Nb6 9. Be2 h5 10. 0-0 Nd5 11. c4 Nxf4 12. Qxf4 Bh6 13. Qh4 Qb6 14. d5 cxd5 15. cxd5 Bxd5 16. Qxh5 0-0-0 17. Rad1 e6 18. Qxf7 Qxb2 19. Nd4 Bf4 20. g3 Be5 21. Nc2 Kb8 22. Bd3 Rxh2 23. Be4 Rdh8 24. Rxd5 exd5 25. Qxd5 Qb6 26. Ne3 Bxg3 27. Ng4 R2h5 28. Qd3 Bh2+ 29. Kg2 Rg5 30. f3 Be5 31. Rd1 Rxg4+ 0-1

[Event "BLR-ch U18"]
[Site "Minsk"]
[Date "2021.02.08"]
[Round "5"]
[White "Klachkou, Platon"]
[Black "Lapus, Vitaliy"]
[Result "1/2-1/2"]
[WhiteElo "1725"]
[BlackElo "1639"]
[PlyCount "72"]
[EventDate "2021.02.04"]
[EventType "swiss"]
[EventRounds "9"]
[EventCountry "BLR"]
[SourceTitle "EXT 2022"]
[Source "ChessBase"]
[SourceDate "2021.10.06"]
[SourceVersion "1"]
[SourceVersionDate "2021.10.06"]
[SourceQuality "1"]

1. e4 c6 2. d4 d5 3. Nd2 dxe4 4. Nxe4 Bf5 5. Ng3 Bg6 6. Nf3 Nd7 7. h4 h6 8. h5 Bh7 9. Bd3 Bxd3 10. Qxd3 e6 11. Bf4 Qa5+ 12. Bd2 Qc7 13. 0-0-0 Ngf6 14. c3 0-0-0 15. Ne4 c5 16. Nxf6 Nxf6 17. Kb1 Kb8 18. Ne5 Ka8 19. Qf3 Bd6 20. Rhe1 Rc8 21. Bf4 Rhd8 22. dxc5 Bxc5 23. Nd3 Bd6 24. Bxh6 Nxh5 25. Bg5 Rh8 26. g4 Nf6 27. Bxf6 gxf6 28. Qxf6 a6 29. Ne5 Bxe5 30. Qxe5 Qxe5 31. Rxe5 Rc4 32. Rd7 Rf4 33. Re2 Rh2 34. Kc2 Rfxf2 35. Rxf2 Rxf2+ 36. Kb3 Kb8 1/2-1/2

[Event "EU-ch Online U16"]
[Site "Tornelo INT"]
[Date "2020.09.20"]
[Round "9"]
[White "Piceu, Jarid"]
[Black "Lapus, Vitaliy"]
[Result "0-1"]
[WhiteElo "1919"]
[BlackElo "1703"]
[PlyCount "100"]
[EventDate "2020.09.18"]
[EventType "swiss (rapid)"]
[EventRounds "9"]
[EventCountry "NET"]
[SourceTitle "EXT 2023"]
[Source "ChessBase"]
[SourceDate "2022.10.05"]
[SourceVersion "1"]
[SourceVersionDate "2022.10.05"]
[SourceQuality "1"]
[WhiteTeam "Belgien"]
[BlackTeam "Belarus"]
[WhiteTeamCountry "BEL"]
[BlackTeamCountry "BLR"]

1. d4 d5 2. c4 c6 3. Nf3 Nf6 4. Qc2 g6 5. Bf4 Bf5 6. Qb3 Qb6 7. c5 Qxb3 8. axb3 Nbd7 9. Nc3 Bg7 10. b4 Ne4 11. e3 0-0 12. b5 Nxc3 13. bxc3 Nf6 14. bxc6 bxc6 15. Ba6 Bc8 16. 0-0 Ne4 17. Rfc1 f6 18. c4 g5 19. Bc7 g4 20. Ne1 Nd2 21. Rc2 Bxa6 22. Rxa6 Nxc4 23. Rca2 e5 24. Rxc6 exd4 25. exd4 f5 26. Nc2 Rfe8 27. Bf4 Bxd4 28. Kf1 Re4 29. Nxd4 Rxd4 30. Bd6 Re8 31. Ra1 a5 32. Bc7 a4 33. g3 Nd2+ 34. Kg2 Nb3 35. Ra2 Re1 36. f3 Nc1 37. Rc2 a3 38. Ra6 Rdd1 39. Rxa3 Rg1+ 40. Kf2 Rdf1+ 41. Ke3 Rxf3+ 42. Kd4 Rxa3 43. Kxd5 Rd1+ 44. Ke6 Nd3 45. Kxf5 Nb4 46. Rc4 Nc6 47. Rxg4+ Kf7 48. Rc4 Rd5+ 49. Kf4 Rad3 50. Ke4 R5d4+ 0-1

[Event "EU-ch Online U16"]
[Site "Tornelo INT"]
[Date "2020.09.20"]
[Round "8"]
[White "Prydun, Andriy"]
[Black "Lapus, Vitaliy"]
[Result "0-1"]
[WhiteElo "2144"]
[BlackElo "1703"]
[PlyCount "114"]
[EventDate "2020.09.18"]
[EventType "swiss (rapid)"]
[EventRounds "9"]
[EventCountry "NET"]
[SourceTitle "EXT 2023"]
[Source "ChessBase"]
[SourceDate "2022.10.05"]
[SourceVersion "1"]
[SourceVersionDate "2022.10.05"]
[SourceQuality "1"]
[WhiteTeam "Ukraine"]
[BlackTeam "Belarus"]
[WhiteTeamCountry "UKR"]
[BlackTeamCountry "BLR"]

1. d4 d5 2. Nc3 Nf6 3. Bf4 a6 4. e3 Bf5 5. Nf3 Nbd7 6. Bd3 e6 7. 0-0 g6 8. Be2 Bg7 9. Ne5 Nxe5 10. dxe5 Nh5 11. g4 Nxf4 12. exf4 Qh4 13. gxf5 gxf5 14. Qd3 d4 15. Nd5 exd5 16. Qg3 Qh6 17. Kh1 0-0-0 18. Rg1 Bf8 19. Bd3 Be7 20. Bxf5+ Kb8 21. Rg2 Rhg8 22. Qxg8 Rxg8 23. Rxg8+ Ka7 24. Rg4 Qh3 25. Rag1 h5 26. R1g3 Qf1+ 27. Rg1 Qxf2 28. R4g2 Qxf4 29. Bd3 h4 30. Rf1 Qxe5 31. Re2 Qd6 32. Rxf7 Bg5 33. Rf3 Be3 34. Kg2 c5 35. Bf5 Qb6 36. b3 Qb5 37. Bd3 c4 38. bxc4 dxc4 39. Bf5 Qb2 40. Be4 Qxa2 41. Rf7 a5 42. Bf3 Qa1 43. Bxb7 Kb6 44. Kh3 a4 45. Rg2 a3 46. Be4 Kc5 47. c3 Qxc3 48. Kxh4 Qe1+ 49. Kh5 d3 50. Rc7+ Kb4 51. Rb7+ Kc3 52. Ra2 Qe2+ 53. Rxe2 dxe2 54. Rb1 a2 55. Rh1 Bd2 56. Bd5 e1Q 57. Rxe1 Bxe1 0-1

[Event "EU-ch Online U16"]
[Site "Tornelo INT"]
[Date "2020.09.19"]
[Round "4"]
[White "Ivanovic, Marko"]
[Black "Lapus, Vitaliy"]
[Result "0-1"]
[WhiteElo "2004"]
[BlackElo "1703"]
[PlyCount "98"]
[EventDate "2020.09.18"]
[EventType "swiss (rapid)"]
[EventRounds "9"]
[EventCountry "NET"]
[SourceTitle "EXT 2023"]
[Source "ChessBase"]
[SourceDate "2022.10.05"]
[SourceVersion "1"]
[SourceVersionDate "2022.10.05"]
[SourceQuality "1"]
[WhiteTeam "Serbia"]
[BlackTeam "Belarus"]
[WhiteTeamCountry "SRB"]
[BlackTeamCountry "BLR"]

1. Nf3 Nf6 2. c4 b6 3. g3 Bb7 4. Bg2 d6 5. 0-0 e5 6. d4 exd4 7. Qxd4 Be7 8. b3 0-0 9. Bb2 Ne8 10. Qd3 g6 11. Nc3 Bf6 12. h4 h5 13. Rad1 Nd7 14. e4 Nc5 15. Qc2 Nxe4 16. Nxe4 Bxb2 17. Nxd6 Nxd6 18. Qxb2 Qc8 19. Rd4 Nf5 20. Rf4 Ng7 21. Re1 Qd8 22. Ng5 Bxg2 23. Kxg2 c5 24. Ne4 f5 25. Ng5 Qd7 26. Rf3 Rae8 27. Rfe3 Qc6+ 28. Kh2 Rxe3 29. Rxe3 f4 30. Re7 fxg3+ 31. fxg3 Qf6 32. Rxg7+ Qxg7 33. Qxg7+ Kxg7 34. Ne6+ Kf7 35. Nxf8 Kxf8 36. Kg2 Kf7 37. Kf3 Ke7 38. Ke4 Ke6 39. Kf4 Kf6 40. g4 hxg4 41. Kxg4 Kg7 42. Kg5 Kh7 43. h5 gxh5 44. Kxh5 Kg7 45. Kg5 Kf7 46. Kf5 Ke7 47. Ke5 Kd7 48. Kd5 Kc7 49. a4 Kd7 0-1

[Event "EU-ch Online U16"]
[Site "Tornelo INT"]
[Date "2020.09.19"]
[Round "6"]
[White "Rasti, Arvin"]
[Black "Lapus, Vitaliy"]
[Result "1-0"]
[WhiteElo "2002"]
[BlackElo "1703"]
[PlyCount "75"]
[EventDate "2020.09.18"]
[EventType "swiss (rapid)"]
[EventRounds "9"]
[EventCountry "NET"]
[SourceTitle "EXT 2023"]
[Source "ChessBase"]
[SourceDate "2022.10.05"]
[SourceVersion "1"]
[SourceVersionDate "2022.10.05"]
[SourceQuality "1"]
[WhiteTeam "Sweden"]
[BlackTeam "Belarus"]
[WhiteTeamCountry "SWE"]
[BlackTeamCountry "BLR"]

1. d4 Nf6 2. c4 e6 3. Nc3 Bb4 4. Nf3 b6 5. Qc2 Bb7 6. Bd2 Bxc3 7. Bxc3 d6 8. g3 Ne4 9. Bg2 Nxc3 10. Qxc3 Nd7 11. 0-0 0-0 12. Qc2 f5 13. b4 Qf6 14. c5 Be4 15. Qc1 dxc5 16. bxc5 bxc5 17. dxc5 Ne5 18. Qf4 Nxf3+ 19. exf3 e5 20. Qe3 Bc6 21. Rfe1 Rfe8 22. Rad1 Rab8 23. Qa3 Rb7 24. Rb1 Rxb1 25. Rxb1 e4 26. fxe4 fxe4 27. Re1 Qd4 28. h4 h6 29. Qe3 Qxe3 30. Rxe3 Re5 31. Rc3 Kf7 32. Kf1 a5 33. Ke2 Bd5 34. Ra3 Bc4+ 35. Ke3 c6 36. Kd4 e3 37. Kxe5 e2 38. Re3 1-0

[Event "EU-ch Online U16"]
[Site "Tornelo INT"]
[Date "2020.09.18"]
[Round "2"]
[White "Pham, Khoi"]
[Black "Lapus, Vitaliy"]
[Result "0-1"]
[WhiteElo "2128"]
[BlackElo "1703"]
[PlyCount "130"]
[EventDate "2020.09.18"]
[EventType "swiss (rapid)"]
[EventRounds "9"]
[EventCountry "NET"]
[SourceTitle "EXT 2023"]
[Source "ChessBase"]
[SourceDate "2022.10.05"]
[SourceVersion "1"]
[SourceVersionDate "2022.10.05"]
[SourceQuality "1"]
[WhiteTeam "Netherlands"]
[BlackTeam "Belarus"]
[WhiteTeamCountry "NED"]
[BlackTeamCountry "BLR"]

1. d4 Nf6 2. c4 e6 3. Nc3 Bb4 4. f3 d5 5. a3 Bxc3+ 6. bxc3 0-0 7. cxd5 exd5 8. e3 Bf5 9. Ne2 c6 10. g4 Bg6 11. Bg2 Nbd7 12. Nf4 Nb6 13. h4 Re8 14. h5 Nxg4 15. fxg4 Be4 16. Bxe4 Rxe4 17. 0-0 Nc4 18. Qf3 Qd7 19. Ra2 Rae8 20. Re2 f6 21. h6 g6 22. Ng2 Rf8 23. g5 f5 24. Nf4 Qe7 25. Qg3 b5 26. Kf2 a5 27. Ra2 a4 28. Rg1 Re8 29. Re1 Nd6 30. Kf1 Nc4 31. Rae2 Qf7 32. Nh3 Qe7 33. Nf2 Re6 34. Nd3 Re4 35. Nf2 Re6 36. e4 dxe4 37. Nd3 Qf7 38. Nc5 R6e7 39. Bf4 Qd5 40. Ra1 e3 41. Qg2 Re4 42. Nxe4 Rxe4 43. Be5 Nd2+ 44. Kg1 Rg4 45. Bg3 Ne4 46. Rxe3 f4 47. Rf3 Nxg3 48. Re1 Qxg5 49. Kh2 Rh4+ 50. Kg1 Rg4 51. Kf2 Nf5 52. Qf1 Ne3 53. Rfxe3 fxe3+ 54. Rxe3 Rf4+ 55. Rf3 Rxf3+ 56. Kxf3 Qf5+ 57. Kg2 Qxf1+ 58. Kxf1 Kf7 59. Kf2 g5 60. Kf3 Kg6 61. Ke4 Kxh6 62. Kf5 Kh5 63. Ke6 g4 64. Kd6 g3 65. Kxc6 g2 0-1

[Event "Orsha blitz op"]
[Site "Orsha"]
[Date "2019.01.19"]
[Round "1"]
[White "Zhigalko, Sergei"]
[Black "Lapus, Vitaliy"]
[Result "1-0"]
[WhiteElo "2695"]
[BlackElo "1522"]
[PlyCount "59"]
[EventDate "2019.01.19"]
[EventType "swiss (blitz)"]
[EventRounds "10"]
[EventCountry "BLR"]
[SourceTitle "CBM 189 Extra"]
[Source "ChessBase"]
[SourceDate "2019.06.03"]
[SourceVersion "1"]
[SourceVersionDate "2019.06.03"]
[SourceQuality "1"]

1. e4 b6 2. d4 Bb7 3. Bd3 d6 4. Nf3 c5 5. d5 g6 6. c4 Bg7 7. Nc3 Nd7 8. 0-0 Ne5 9. Nxe5 dxe5 10. f4 exf4 11. Bxf4 Nf6 12. Qe2 0-0 13. e5 Nd7 14. Rae1 e6 15. Qe3 Qc7 16. d6 Qc8 17. h4 Re8 18. h5 Nf8 19. Bg5 Qd7 20. Bf6 Bxf6 21. Rxf6 a6 22. Ref1 Rab8 23. Be4 Bxe4 24. Nxe4 Kg7 25. Rxf7+ Qxf7 26. h6+ Kg8 27. Rxf7 Kxf7 28. Qf3+ Kg8 29. Ng5 Rb7 30. Qxb7 1-0